| 000 | 00940cam a22002531i 4500 | ||
|---|---|---|---|
| 003 | SA-RiAUC | ||
| 005 | 20241015073311.0 | ||
| 008 | 241014s1993 le g 000 0 ara c | ||
| 040 |
_aSA-RiAUC _bara _cSA-RiAUC _erda |
||
| 082 | 0 | 4 |
_a011.31 _qSA-RiAUC |
| 090 |
_a011.31 _bس ع د |
||
| 100 | 1 |
_aسعد، فهمي _eمؤلف. |
|
| 245 | 1 | 0 |
_aتحقيق المخطوطات بين النظرية والتطبيق / _cتأليف ودراسة وتحقيق فهمي سعد، طلال مجذوب. |
| 250 | _aالطبعة الأولى. | ||
| 264 | 1 |
_aبيروت : _bعالم الكتب، _c1993 |
|
| 300 |
_a160 صفحة ؛ _c20 سم |
||
| 336 |
_aنص _btxt _2rdacontent _3كتاب |
||
| 337 |
_aبدون وسيط _bn _2rdamedia |
||
| 338 |
_aمجلد _bnc _2rdacarrier |
||
| 650 | 7 |
_aالمخطوطات _xتحقيق _2aucsh |
|
| 700 | 1 |
_aمجذوب، طلال _eمؤلف. |
|
| 942 |
_2ddc _cBOOK _n0 |
||
| 949 |
_aSA-JeALM _d241014 _umohamedma123 _n1 |
||
| 999 |
_c1333 _d1333 |
||